000 00347pab a2200145 454500
008 180718b1988 xxu||||| |||| 00| 0 eng d
100 _aSingh, Kuldip
245 _aPunjab Problem
_bThe subjective demension
260 _c1988
300 _a13-14,34
362 _a3 Sept.
650 _aPunjab - Politics
773 _aMainstream
909 _a16841
999 _c16841
_d16841